Statistics for 2014 NFL Standings

Click here to take the quiz!

General Stats

  • This quiz has been taken 9 times
  • The average score is 15 of 32

Answer Stats

Rank (seed)RecordNFL Team% Correct
AFC East Champ (1)12-4New England Patriots
88%
NFC South Champ (4)7-8-1Carolina Panthers
75%
NFC East Champ (3)12-4Dallas Cowboys
75%
AFC West Champ (2)12-4Denver Broncos
75%
NFC North Champ (2)12-4Green Bay Packers
75%
AFC South Champ (4)11-5Indianapolis Colts
75%
AFC North Champ (3)11-5Pittsburgh Steelers
75%
NFC West Champ (1)12-4Seattle Seahawks
75%
NFC Wild Card (5)11-5Arizona Cardinals
50%
AFC Wild Card (6)10-6Baltimore Ravens
50%
NFC Wild Card (6)11-5Detroit Lions
50%
AFC (7) Missed Playoffs9-7Houston Texans
50%
AFC (8) Missed Playoffs9-7Kansas City Chiefs
50%
AFC (13) Missed Playoffs4-12New York Jets
50%
AFC (10) Missed Playoffs9-7Buffalo Bills
38%
NFC (14) Missed Playoffs5-11Chicago Bears
38%
AFC Wild Card (5)10-5-1Cincinnati Bengals
38%
AFC (12) Missed Playoffs7-9Cleveland Browns
38%
AFC (14) Missed Playoffs3-13Jacksonville Jaguars
38%
AFC (11) Missed Playoffs8-8Miami Dolphins
38%
NFC (10) Missed Playoffs7-9Minnesota Vikings
38%
NFC (11) Missed Playoffs6-10New York Giants
38%
AFC (15) Missed Playoffs3-13Oakland Raiders
38%
NFC (7) Missed Playoffs10-6Philadelphia Eagles
38%
AFC (9) Missed Playoffs9-7San Diego Chargers
38%
AFC (16) Missed Playoffs2-14Tennessee Titans
38%
NFC (15) Missed Playoffs4-12Washington Redskins
38%
NFC (12) Missed Playoffs6-10Atlanta Falcons
25%
NFC (9) Missed Playoffs7-9New Orleans Saints
25%
NFC (8) Missed Playoffs8-8San Francisco 49ers
25%
NFC (13) Missed Playoffs6-10St. Louis Rams
25%
NFC (16) Missed Playoffs2-14Tampa Bay Buccaneers
25%

Score Distribution

Percentile by Number Answered

Percent of People with Each Score

Your Score History

You have not taken this quiz